[Event "Mazowiec-chT op 1617"]
[Site "Warsaw"]
[Date "2017.02.05"]
[Round "10.7"]
[White "Ceglowski, Ryszard"]
[Black "Kwiatkowski, Wlodzimierz"]
[Result "0-1"]
[WhiteElo "1700"]
[BlackElo "1730"]
[PlyCount "60"]
[EventDate "2016.12.11"]
[EventType "team-swiss"]
[EventRounds "10"]
[EventCountry "POL"]
[SourceTitle "EXT 2019"]
[Source "ChessBase"]
[SourceDate "2018.10.10"]
[SourceVersion "1"]
[SourceVersionDate "2018.10.10"]
[SourceQuality "1"]

1. c4 c5 2. Nc3 Nf6 3. g3 g6 4. Bg2 Bg7 5. d3 0-0 6. e4 Nc6 7. Nge2 d6 8. 0-0 Rb8 9. h3 Bd7 10. f4 e5 11. Kh2 a6 12. a4 Nb4 13. f5 h6 14. g4 g5 15. b3 Bc6 16. Kg3 Nh7 17. Rh1 f6 18. Bf3 Be8 19. Ba3 Bf7 20. Qd2 Nc6 21. Nd5 Re8 22. Rhd1 Nd4 23. Nxd4 exd4 24. b4 b6 25. a5 Bxd5 26. cxd5 Bf8 27. Rdc1 b5 28. bxc5 dxc5 29. Bxc5 Bxc5 30. Rxc5 Qd6+ 0-1

[Event "Mazowiec-chT op 1617"]
[Site "Warsaw"]
[Date "2017.01.29"]
[Round "8.7"]
[White "Kwiatkowski, Wlodzimierz"]
[Black "Bajkowski, Marcin"]
[Result "0-1"]
[WhiteElo "1730"]
[BlackElo "1951"]
[PlyCount "118"]
[EventDate "2016.12.11"]
[EventType "team-swiss"]
[EventRounds "10"]
[EventCountry "POL"]
[SourceTitle "EXT 2019"]
[Source "ChessBase"]
[SourceDate "2018.10.10"]
[SourceVersion "1"]
[SourceVersionDate "2018.10.10"]
[SourceQuality "1"]

1. c4 e5 2. Nc3 Nc6 3. Nf3 d6 4. d4 exd4 5. Nxd4 Bd7 6. e4 g6 7. Nxc6 Bxc6 8. Bd3 Bg7 9. 0-0 Ne7 10. Nd5 Qd7 11. Rb1 0-0 12. Bh6 Bxd5 13. Bxg7 Kxg7 14. cxd5 f5 15. exf5 Nxf5 16. Qb3 c5 17. dxc6 bxc6 18. Qc3+ Kg8 19. Bc4+ d5 20. Rbd1 Qg7 21. Qxg7+ Kxg7 22. Ba6 Rad8 23. b4 Rfe8 24. g4 Nh4 25. Rc1 Rd6 26. b5 cxb5 27. Rc7+ Kf6 28. Bxb5 Re7 29. g5+ Kf7 30. Rxe7+ Kxe7 31. f4 Rb6 32. a4 a6 33. Bd3 Rb4 34. Bxa6 Rxa4 35. Bc8 Ra2 36. Bh3 Kd6 37. f5 gxf5 38. Bxf5 Rg2+ 39. Kh1 Rxg5 40. Bxh7 Ke5 41. Re1+ Kf4 42. Rg1 Rh5 43. Bg6 Rh6 44. Bf7 Nf3 45. Rg2 d4 46. Bd5 Ne5 47. Re2 d3 48. Re4+ Kf5 49. Rd4 Rh3 50. Bb7 Re3 51. Kg2 Re2+ 52. Kf1 Rxh2 53. Be4+ Kf4 54. Bxd3+ Ke3 55. Re4+ Kf3 56. Kg1 Rg2+ 57. Kh1 Rg5 58. Bc2 Ng4 59. Re7 Nf2+ 0-1

[Event "Mazowiec-chT op 1617"]
[Site "Warsaw"]
[Date "2017.01.29"]
[Round "7.8"]
[White "Kwiatkowski, Wlodzimierz"]
[Black "Golebiewski, Marek"]
[Result "1-0"]
[WhiteElo "1730"]
[BlackElo "1755"]
[PlyCount "89"]
[EventDate "2016.12.11"]
[EventType "team-swiss"]
[EventRounds "10"]
[EventCountry "POL"]
[SourceTitle "EXT 2019"]
[Source "ChessBase"]
[SourceDate "2018.10.10"]
[SourceVersion "1"]
[SourceVersionDate "2018.10.10"]
[SourceQuality "1"]

1. e4 c5 2. c3 d5 3. exd5 Qxd5 4. Nf3 Nc6 5. Be2 Bf5 6. 0-0 0-0-0 7. b3 Bd3 8. Bb2 h6 9. Na3 Nf6 10. c4 Qf5 11. Ne1 Bxe2 12. Qxe2 e5 13. Nac2 Nd4 14. Nxd4 exd4 15. d3 Bd6 16. Qf3 Qe5 17. Qh3+ Kb8 18. f4 Qe7 19. b4 g5 20. Nc2 Bxf4 21. Rae1 Qc7 22. g3 g4 23. Qg2 Be5 24. Rf5 Nd7 25. Rxf7 Rhf8 26. Ref1 Rxf7 27. Rxf7 Qb6 28. Qd5 Qd6 29. Qe4 Qe6 30. Rh7 cxb4 31. Bxd4 Bxd4+ 32. Qxd4 Qe2 33. Qd6+ Ka8 34. Qxd7 Qd1+ 35. Kf2 Qxc2+ 36. Ke3 Qc1+ 37. Ke4 Qe1+ 38. Kf4 Qf2+ 39. Ke4 Qg2+ 40. Kf5 Qf3+ 41. Kg6 Rf8 42. Qd5 Rf6+ 43. Kg7 a6 44. Qd8+ Ka7 45. Qxf6 1-0

[Event "Mazowiec-chT op 1617"]
[Site "Warsaw"]
[Date "2017.01.15"]
[Round "6.15"]
[White "Kuznik, Kamil"]
[Black "Kwiatkowski, Wlodzimierz"]
[Result "1-0"]
[WhiteElo "1301"]
[BlackElo "1730"]
[PlyCount "41"]
[EventDate "2016.12.11"]
[EventType "team-swiss"]
[EventRounds "10"]
[EventCountry "POL"]
[SourceTitle "EXT 2019"]
[Source "ChessBase"]
[SourceDate "2018.10.10"]
[SourceVersion "1"]
[SourceVersionDate "2018.10.10"]
[SourceQuality "1"]

1. e4 e5 2. Nf3 Nc6 3. d4 exd4 4. Nxd4 Nxd4 5. Qxd4 d6 6. Bc4 Be6 7. 0-0 Bxc4 8. Qxc4 Qd7 9. Nc3 c6 10. Bf4 Nf6 11. Rad1 0-0-0 12. Nb5 Ne8 13. e5 d5 14. e6 Qxe6 15. Nxa7+ Kd7 16. Qa4 Nc7 17. c4 Bd6 18. Rfe1 Qg4 19. Bxd6 Ne6 20. Bg3 h5 21. Qb3 1-0

[Event "Mazowiec-chT op 1516"]
[Site "Poland"]
[Date "2016.01.24"]
[Round "8.11"]
[White "Kwiatkowski, Wlodzimierz"]
[Black "Skwirowski, Jacek"]
[Result "1-0"]
[WhiteElo "1747"]
[BlackElo "1110"]
[PlyCount "117"]
[EventDate "2015.11.29"]
[EventType "team-tourn"]
[EventRounds "10"]
[EventCountry "POL"]
[SourceTitle "EXT 2019"]
[Source "ChessBase"]
[SourceDate "2018.10.10"]
[SourceVersion "1"]
[SourceVersionDate "2018.10.10"]
[SourceQuality "1"]

1. d4 Nf6 2. c4 e6 3. Nf3 g6 4. Nc3 Bg7 5. Bg5 0-0 6. e4 d6 7. Bd3 Qd7 8. Qd2 c5 9. Rd1 Nc6 10. d5 Ne5 11. Nxe5 dxe5 12. 0-0 a6 13. h3 Qc7 14. Bb1 Rd8 15. Qe3 Bd7 16. Rd3 b5 17. cxb5 Bxb5 18. Nxb5 axb5 19. Rc3 c4 20. dxe6 fxe6 21. Ra3 Qb7 22. Rxa8 Qxa8 23. Qb6 Qc8 24. Qxb5 Rf8 25. Qxe5 Nh5 26. Qb5 e5 27. Rc1 Nf4 28. Bxf4 Rxf4 29. Qd5+ Kh8 30. Rxc4 Qf8 31. f3 Qe7 32. Rc8+ Bf8 33. Bd3 Qa7+ 34. Kf1 Qd4 35. Qxd4 exd4 36. Rd8 h5 37. Rxd4 Bg7 38. Rb4 Kh7 39. a4 Kh6 40. Ke2 Rf7 41. a5 Rd7 42. a6 Bf8 43. Rc4 Bg7 44. b4 Ra7 45. b5 Be5 46. Rc6 h4 47. b6 Ra8 48. Ke3 Kh5 49. f4 Bxf4+ 50. Kxf4 g5+ 51. Ke3 Rxa6 52. Bxa6 g4 53. b7 gxh3 54. gxh3 Kg5 55. Rc5+ Kf6 56. b8Q Ke6 57. Qb6+ Kd7 58. Rc7+ Ke8 59. Qb8# 1-0

[Event "Mazowiec-chT op 1516"]
[Site "Poland"]
[Date "2016.01.24"]
[Round "7.18"]
[White "Sacharewicz, Krzysztof"]
[Black "Kwiatkowski, Wlodzimierz"]
[Result "1-0"]
[WhiteElo "1728"]
[BlackElo "1747"]
[PlyCount "121"]
[EventDate "2015.11.29"]
[EventType "team-tourn"]
[EventRounds "10"]
[EventCountry "POL"]
[SourceTitle "EXT 2019"]
[Source "ChessBase"]
[SourceDate "2018.10.10"]
[SourceVersion "1"]
[SourceVersionDate "2018.10.10"]
[SourceQuality "1"]

1. d4 Nf6 2. Nf3 d6 3. c4 Bg4 4. Nc3 Nbd7 5. Bf4 Nh5 6. Bg5 h6 7. Bh4 g5 8. Bg3 Nxg3 9. hxg3 Bg7 10. e3 Nf6 11. Qb3 Rb8 12. Qa4+ Qd7 13. Qxa7 0-0 14. Qa4 c6 15. 0-0-0 Qc7 16. Qc2 Rfc8 17. Ne4 Qa5 18. Nxf6+ exf6 19. a3 b5 20. c5 b4 21. a4 b3 22. Qc3 Qxa4 23. cxd6 c5 24. dxc5 Rxc5 25. Qxc5 Rc8 26. Qxc8+ Bxc8 27. Bd3 Qa1+ 28. Bb1 Bf5 29. Nd2 Kf8 30. e4 Be6 31. Nxb3 Qa4 32. Bc2 Ke8 33. Nc5 Qa1+ 34. Bb1 f5 35. Rd2 Bd7 36. exf5 Bxf5 37. d7+ Bxd7 38. Nxd7 Bxb2+ 39. Rxb2 Kxd7 40. Rxh6 Qa3 41. Rh1 Ke6 42. Ba2+ Kf6 43. Rd1 Qc3+ 44. Kb1 Qa5 45. Bb3 Qa3 46. Rd7 Qa5 47. Rxf7+ Kg6 48. Rd7 Qe1+ 49. Rd1 Qe5 50. Bc2+ Kf6 51. Rb6+ Ke7 52. Rh1 Kd7 53. Rh7+ Kc8 54. Rg6 Qe1+ 55. Kb2 Qb4+ 56. Bb3 Qd2+ 57. Kb1 Qe1+ 58. Kb2 Qd2+ 59. Bc2 Qb4+ 60. Ka2 Qc4+ 61. Bb3 1-0

[Event "Mazowiec-chT op 1516"]
[Site "Poland"]
[Date "2015.12.13"]
[Round "4.3"]
[White "Kwiatkowski, Wlodzimierz"]
[Black "Moscicka, Pola"]
[Result "1/2-1/2"]
[WhiteElo "1747"]
[BlackElo "1691"]
[PlyCount "86"]
[EventDate "2015.11.29"]
[EventType "team-tourn"]
[EventRounds "10"]
[EventCountry "POL"]
[SourceTitle "EXT 2019"]
[Source "ChessBase"]
[SourceDate "2018.10.10"]
[SourceVersion "1"]
[SourceVersionDate "2018.10.10"]
[SourceQuality "1"]

1. c4 e5 2. Nc3 Nc6 3. Nf3 g6 4. d4 exd4 5. Nxd4 Bg7 6. Nxc6 bxc6 7. g3 Nf6 8. Bg2 0-0 9. Qc2 Ba6 10. b3 d5 11. Bb2 Re8 12. 0-0 Rb8 13. Rfe1 dxc4 14. Bxc6 Re6 15. Bf3 Reb6 16. Rad1 Qe7 17. Nd5 Nxd5 18. Bxd5 Bxb2 19. Qxb2 c6 20. Bf3 cxb3 21. axb3 Rxb3 22. Qa2 R3b6 23. Rd4 Qb7 24. Red1 Rb1 25. Qa5 Rxd1+ 26. Rxd1 Qb6 27. Qe5 Rd8 28. Rxd8+ Qxd8 29. Bxc6 Qd1+ 30. Kg2 Qxe2 31. Qb8+ Kg7 32. Qb1 Bc4 33. Qa1+ Kg8 34. Bb7 Qa2 35. Qd1 Qb2 36. Bf3 Kg7 37. h4 a5 38. h5 Bb3 39. Qh1 h6 40. hxg6 fxg6 41. Qe1 a4 42. Qe7+ Bf7 43. Bd5 Qf6 1/2-1/2

[Event "Mazowiec-chT op 2013"]
[Site "Poland"]
[Date "2013.12.01"]
[Round "7.21"]
[White "Laszczak, Przemyslaw"]
[Black "Kwiatkowski, Wlodzimierz"]
[Result "1/2-1/2"]
[WhiteElo "1535"]
[BlackElo "1889"]
[PlyCount "102"]
[EventDate "2013.09.29"]
[EventType "team-swiss"]
[EventRounds "10"]
[EventCountry "POL"]
[SourceTitle "EXT 2019"]
[Source "ChessBase"]
[SourceDate "2018.10.10"]
[SourceVersion "1"]
[SourceVersionDate "2018.10.10"]
[SourceQuality "1"]

1. d4 c5 2. d5 d6 3. c4 e5 4. e4 Nf6 5. Nc3 Be7 6. h3 0-0 7. Nf3 b6 8. Bd3 h6 9. 0-0 Nh7 10. a3 Nd7 11. Be3 Re8 12. b4 Ndf8 13. Qd2 Bd7 14. Rfb1 Qc8 15. bxc5 bxc5 16. Rb3 f5 17. exf5 Bxf5 18. Qc2 Bxd3 19. Qxd3 Nf6 20. Ne4 N8d7 21. Nfd2 Qa6 22. Nxf6+ Nxf6 23. Ne4 Nd7 24. Ng3 Bf6 25. Nh5 e4 26. Nxf6+ Nxf6 27. Qc2 Nd7 28. Bf4 Rad8 29. Rg3 Kh8 30. Qc3 Ne5 31. Re1 g5 32. Bxe5+ Rxe5 33. Rxe4 Rde8 34. Rge3 Kg8 35. Rxe5 dxe5 36. Rxe5 Rxe5 37. Qxe5 Qxc4 38. Qb8+ Kf7 39. Qxa7+ Ke8 40. Qb8+ Kd7 41. Qb7+ Kd8 42. Qb6+ Kd7 43. Qe6+ Kd8 44. Qg8+ Kd7 45. Qg7+ Kd8 46. Qf8+ Kd7 47. Qf3 Kd6 48. g3 Qc1+ 49. Kg2 c4 50. a4 c3 51. Qf6+ Kxd5 1/2-1/2

[Event "Mazowiec-chT op 2013"]
[Site "Poland"]
[Date "2013.10.27"]
[Round "6.19"]
[White "Golebiewski, Marek"]
[Black "Kwiatkowski, Wlodzimierz"]
[Result "1/2-1/2"]
[WhiteElo "1731"]
[BlackElo "1889"]
[PlyCount "92"]
[EventDate "2013.09.29"]
[EventType "team-swiss"]
[EventRounds "10"]
[EventCountry "POL"]
[SourceTitle "EXT 2019"]
[Source "ChessBase"]
[SourceDate "2018.10.10"]
[SourceVersion "1"]
[SourceVersionDate "2018.10.10"]
[SourceQuality "1"]

1. e4 d5 2. exd5 Qxd5 3. Nc3 Qa5 4. d4 Nf6 5. Bd3 c6 6. Nf3 Bg4 7. Bf4 Nbd7 8. a3 e6 9. h3 Bh5 10. b4 Qd8 11. 0-0 Rc8 12. Be2 Be7 13. Ne5 Bxe2 14. Qxe2 Nb6 15. Rfd1 Nbd5 16. Nxd5 Nxd5 17. Bd2 0-0 18. c4 Nb6 19. a4 Nd7 20. Nxd7 Qxd7 21. Bc3 Bf6 22. Bb2 Qc7 23. Rac1 Rcd8 24. a5 Rfe8 25. Qc2 e5 26. dxe5 Rxd1+ 27. Rxd1 Bxe5 28. Bxe5 Qxe5 29. Qd2 h6 30. Qd7 Re7 31. Qd3 Re6 32. Qd8+ Re8 33. Qd7 Re7 34. Qd3 Re6 35. Qd8+ Re8 36. Qd7 Re7 37. Qd8+ Kh7 38. b5 Re6 39. a6 bxa6 40. bxa6 Qe2 41. Qd4 Re4 42. Qd3 Qxd3 43. Rxd3 Rxc4 44. Rd7 Rc1+ 45. Kh2 Ra1 46. Rxa7 Kg6 1/2-1/2

[Event "Mazowiec-chT op 2013"]
[Site "Poland"]
[Date "2013.09.29"]
[Round "1.7"]
[White "Kwiatkowski, Wlodzimierz"]
[Black "Zbrzeski, Piotr"]
[Result "1/2-1/2"]
[WhiteElo "1889"]
[BlackElo "1767"]
[PlyCount "94"]
[EventDate "2013.09.29"]
[EventType "team-swiss"]
[EventRounds "10"]
[EventCountry "POL"]
[SourceTitle "EXT 2019"]
[Source "ChessBase"]
[SourceDate "2018.10.10"]
[SourceVersion "1"]
[SourceVersionDate "2018.10.10"]
[SourceQuality "1"]

1. e4 Nf6 2. e5 Nd5 3. d4 d6 4. exd6 exd6 5. Nf3 Bf5 6. c4 Nb6 7. Nc3 Be7 8. Be3 0-0 9. h3 Re8 10. Be2 Bf6 11. 0-0 Nc6 12. Rc1 a6 13. b3 h6 14. Qd2 Nd7 15. Nd5 Be7 16. Nxe7+ Qxe7 17. Rfe1 Nf6 18. d5 Ne5 19. Nd4 Bh7 20. Bf4 Qd7 21. Bxe5 Rxe5 22. Bf3 Rae8 23. Rxe5 Rxe5 24. Qf4 Qe7 25. Kh2 Ne4 26. Bg4 Qf6 27. Qxf6 Nxf6 28. Bc8 b6 29. Bxa6 Ne4 30. f3 Nc5 31. Bc8 Re8 32. Bg4 h5 33. Bf5 Bxf5 34. Nxf5 Re2 35. Ra1 Rd2 36. Ne7+ Kf8 37. Nc6 Nd3 38. a4 Nf4 39. Rg1 Ne2 40. Re1 h4 41. b4 Ng3 42. a5 bxa5 43. bxa5 Ra2 44. Kg1 Ne2+ 45. Kf1 Ng3+ 46. Kg1 Ne2+ 47. Kh1 Ng3+ 1/2-1/2

[Event "Mazowiec-chT op 1112"]
[Site "Poland"]
[Date "2012.02.26"]
[Round "9.51"]
[White "Kwiatkowski, Wlodzimierz"]
[Black "Zalewski, Piotr"]
[Result "1-0"]
[WhiteElo "1938"]
[BlackElo "1347"]
[PlyCount "71"]
[EventDate "2012.01.08"]
[EventType "team-swiss"]
[EventRounds "10"]
[EventCountry "POL"]
[SourceTitle "EXT 2019"]
[Source "ChessBase"]
[SourceDate "2018.10.10"]
[SourceVersion "1"]
[SourceVersionDate "2018.10.10"]
[SourceQuality "1"]

1. e4 e5 2. Nf3 Nc6 3. c3 Nf6 4. Qc2 Bc5 5. Be2 0-0 6. 0-0 d6 7. d3 d5 8. exd5 Qxd5 9. Nbd2 b6 10. Ne4 Nd7 11. Nxc5 Nxc5 12. b4 Ne6 13. a4 Bb7 14. Bb2 a6 15. Rfe1 Rad8 16. Rad1 Rfe8 17. Bc1 f5 18. b5 axb5 19. axb5 Qxb5 20. d4 Qa5 21. Qxf5 Qxc3 22. Bd2 Qb2 23. Bc4 Rd6 24. Ng5 Ncd8 25. Rxe5 Bc8 26. Bxe6+ Bxe6 27. Qxh7+ Kf8 28. Qh8+ Bg8 29. Rxe8+ Kxe8 30. Qxg8+ Kd7 31. Qxg7+ Kc8 32. Be3 c5 33. Rc1 Nc6 34. h3 Nxd4 35. Kh1 Nf5 36. Qxb2 1-0

[Event "Mazowiec-chT 0910"]
[Site "Mazowsze"]
[Date "2010.03.14"]
[Round "8.4"]
[White "Zbrzeski, Piotr"]
[Black "Kwiatkowski, Wlodzimierz"]
[Result "1-0"]
[WhiteElo "1813"]
[BlackElo "1961"]
[PlyCount "60"]
[EventDate "2009.11.29"]
[EventType "team-tourn"]
[EventRounds "11"]
[EventCountry "POL"]
[SourceTitle "EXT 2011"]
[Source "ChessBase"]
[SourceDate "2010.11.26"]
[SourceVersion "1"]
[SourceVersionDate "2010.11.26"]
[SourceQuality "1"]

1. d4 d5 2. c4 c6 3. cxd5 cxd5 4. Nc3 Nf6 5. Nf3 g6 6. Bg5 Bg7 7. Qb3 e6 8. e3 0-0 9. Bd3 Nc6 10. 0-0 b6 11. Rac1 Bb7 12. Ne5 a6 13. Na4 b5 14. Nxc6 Bxc6 15. Rxc6 bxa4 16. Qxa4 Qd7 17. Rfc1 Ne4 18. Bxe4 dxe4 19. Qc4 h6 20. Bf4 a5 21. h3 a4 22. Bd6 Rfe8 23. Ba3 Qd8 24. Qc2 Qd5 25. Qc4 Qg5 26. Ra6 e5 27. d5 Rac8 28. Qxc8 Rxc8 29. Rxc8+ Kh7 30. d6 Qf5 1-0

[Event "Mazowiec-chT op"]
[Site "Mazowsze"]
[Date "2009.04.20"]
[Round "8"]
[White "Kwiatkowski, Wlodzimierz"]
[Black "Kaska, Wladyslaw"]
[Result "1/2-1/2"]
[WhiteElo "1961"]
[BlackElo "1829"]
[PlyCount "63"]
[EventDate "2009.01.11"]
[EventType "team-tourn"]
[EventRounds "10"]
[EventCountry "POL"]
[SourceTitle "EXT 2013"]
[Source "ChessBase"]
[SourceDate "2012.11.22"]
[SourceVersion "1"]
[SourceVersionDate "2012.11.22"]
[SourceQuality "1"]

1. e4 c5 2. Nf3 e6 3. c4 Nc6 4. Nc3 a6 5. d4 cxd4 6. Nxd4 Qc7 7. Be2 Nf6 8. 0-0 Bb4 9. Nxc6 bxc6 10. Qc2 0-0 11. Bd3 h6 12. Ne2 Bb7 13. h3 Rac8 14. a3 Be7 15. b3 d5 16. exd5 cxd5 17. Bb2 dxc4 18. Bxc4 Qc6 19. f3 Nd5 20. Kh1 Nb6 21. Rac1 Bg5 22. Nd4 Qd6 23. Rcd1 Nxc4 24. bxc4 Qc5 25. f4 Bf6 26. Nb3 Qxc4 27. Qxc4 Rxc4 28. Bxf6 gxf6 29. Na5 Rc7 30. Nxb7 Rxb7 31. Rd6 Ra8 32. f5 1/2-1/2

[Event "Mazowiec-chT 0708"]
[Site "Poland"]
[Date "2008.02.03"]
[Round "9"]
[White "Kwiatkowski, Wlodzimierz"]
[Black "Tomczyk, Ryszard"]
[Result "1/2-1/2"]
[WhiteElo "1957"]
[BlackElo "1621"]
[PlyCount "24"]
[EventDate "2007.10.14"]
[EventType "team-tourn"]
[EventRounds "10"]
[EventCountry "POL"]
[SourceTitle "EXT 2010"]
[Source "ChessBase"]
[SourceDate "2010.11.25"]
[SourceVersion "1"]
[SourceVersionDate "2010.11.25"]
[SourceQuality "1"]

1. e4 e5 2. Nf3 Nc6 3. d4 exd4 4. Nxd4 Bc5 5. Nxc6 Qf6 6. Qd2 Qxc6 7. Bd3 Nf6 8. 0-0 d6 9. Nc3 0-0 10. a3 a6 11. b4 Bd4 12. Bb2 Be6 1/2-1/2

[Event "POL-chT Liga Mazowiecka 2006/07"]
[Site "Poland"]
[Date "2007.01.07"]
[Round "6.16"]
[White "Kwiatkowski, Wlodzimierz"]
[Black "Sliwinski, Marcin"]
[Result "0-1"]
[WhiteElo "2004"]
[BlackElo "2102"]
[PlyCount "58"]
[EventDate "2006.10.22"]
[EventType "team-swiss"]
[EventRounds "9"]
[EventCountry "POL"]
[SourceTitle "EXT 2011"]
[Source "ChessBase"]
[SourceDate "2010.11.26"]
[SourceVersion "1"]
[SourceVersionDate "2010.11.26"]
[SourceQuality "1"]
[WhiteTeam "Nasielsk Sparta"]
[BlackTeam "Zielonka Zieloni Juniorzy"]
[WhiteTeamCountry "POL"]
[BlackTeamCountry "POL"]

1. e4 c5 2. Nf3 Nc6 3. c4 e5 4. d3 Nf6 5. Be2 Be7 6. 0-0 0-0 7. Nc3 d6 8. b3 Ne8 9. Nd5 f5 10. exf5 Bxf5 11. Re1 Nc7 12. Nxe7+ Qxe7 13. Bg5 Qf7 14. Bh4 Ne6 15. Ng5 Nxg5 16. Bxg5 Nd4 17. Be3 Nxe2+ 18. Qxe2 Qg6 19. Rad1 Bg4 20. Qf1 Bxd1 21. Rxd1 Rf5 22. Qe2 Raf8 23. Qd2 h5 24. h4 Qg4 25. g3 g5 26. hxg5 h4 27. Kg2 Qf3+ 28. Kh2 hxg3+ 29. fxg3 Kg7 0-1

[Event "POL-chT Liga Mazowiecka 2006/07"]
[Site "Poland"]
[Date "2006.11.05"]
[Round "2.10"]
[White "Kwiatkowski, Wlodzimierz"]
[Black "Kicinski, Jacek"]
[Result "0-1"]
[WhiteElo "2004"]
[BlackElo "2004"]
[PlyCount "102"]
[EventDate "2006.10.22"]
[EventType "team-swiss"]
[EventRounds "9"]
[EventCountry "POL"]
[SourceTitle "EXT 2011"]
[Source "ChessBase"]
[SourceDate "2010.11.26"]
[SourceVersion "1"]
[SourceVersionDate "2010.11.26"]
[SourceQuality "1"]
[WhiteTeam "Nasielsk Sparta"]
[BlackTeam "Warszawa Entropia"]
[WhiteTeamCountry "POL"]
[BlackTeamCountry "POL"]

1. e4 c6 2. Nf3 d5 3. exd5 cxd5 4. d4 Bg4 5. Be2 Nc6 6. 0-0 Nf6 7. h3 Bh5 8. c3 e6 9. Bg5 Bd6 10. Nbd2 h6 11. Be3 0-0 12. Re1 Rc8 13. Rc1 Bb8 14. Nh2 Bg6 15. Ng4 Ne4 16. Nf3 Bh5 17. Ngh2 Qd6 18. Nf1 Rfe8 19. g3 Qd7 20. Kg2 a6 21. N3d2 Bxe2 22. Qxe2 Nf6 23. Nf3 b5 24. N1d2 Qb7 25. Nb3 Bd6 26. Qd3 a5 27. Kh2 a4 28. Nbd2 Na5 29. Ne5 Nc4 30. Nexc4 bxc4 31. Qc2 Qb5 32. a3 Rb8 33. Rb1 Rb7 34. Re2 Reb8 35. f3 Qa6 36. Kg2 Rb5 37. g4 Qb7 38. g5 hxg5 39. Bxg5 Rxb2 40. Rxb2 Qxb2 41. Qxa4 Qxc3 42. Bxf6 gxf6 43. Kf1 Qa1+ 44. Kg2 Qxd4 45. Nf1 Kh8 46. Ne3 Qe5 47. Kf1 Qg3 48. Qc2 Qxf3+ 49. Ke1 Be5 50. Nd1 c3 51. Re3 Bg3+ 0-1

[Event "Mazowieckie-chT 0506"]
[Site "Poland"]
[Date "2006.01.08"]
[Round "7"]
[White "Kwiatkowski, Wlodzimierz"]
[Black "Uznanski, Jerzy"]
[Result "1/2-1/2"]
[WhiteElo "2041"]
[BlackElo "1800"]
[PlyCount "74"]
[EventDate "2005.10.09"]
[EventType "team-tourn"]
[EventRounds "9"]
[EventCountry "POL"]
[SourceTitle "EXT 2019"]
[Source "ChessBase"]
[SourceDate "2018.10.10"]
[SourceVersion "1"]
[SourceVersionDate "2018.10.10"]
[SourceQuality "1"]

1. e4 e6 2. d4 d5 3. exd5 exd5 4. Nf3 Bd6 5. c4 Qe7+ 6. Be3 c6 7. c5 Bf4 8. Qd2 Bf5 9. Be2 Bxe3 10. fxe3 Nf6 11. 0-0 Bxb1 12. Raxb1 Ne4 13. Qd3 0-0 14. Rbe1 Nd7 15. Bd1 Rab8 16. Bc2 g6 17. Nd2 Nxd2 18. Qxd2 f5 19. Qa5 Nf6 20. a3 a6 21. Qc3 Rbe8 22. Qd2 Qd7 23. Rf3 Re7 24. h3 Ne4 25. Bxe4 Rxe4 26. Ref1 Rfe8 27. Qf2 Qe7 28. g4 Rxe3 29. gxf5 Rxf3 30. Qxf3 Qe3+ 31. Qxe3 Rxe3 32. fxg6 hxg6 33. Kg2 Re4 34. Rd1 Kg7 35. Kf3 Kf6 36. Rd3 Kg5 37. Kg3 Kh5 1/2-1/2

[Event "Mazowieckie-chT 0506"]
[Site "Poland"]
[Date "2005.12.11"]
[Round "6"]
[White "Pac, Maciej"]
[Black "Kwiatkowski, Wlodzimierz"]
[Result "1-0"]
[WhiteElo "1830"]
[BlackElo "2041"]
[PlyCount "57"]
[EventDate "2005.10.09"]
[EventType "team-tourn"]
[EventRounds "9"]
[EventCountry "POL"]
[SourceTitle "EXT 2019"]
[Source "ChessBase"]
[SourceDate "2018.10.10"]
[SourceVersion "1"]
[SourceVersionDate "2018.10.10"]
[SourceQuality "1"]

1. e4 e6 2. d4 d5 3. Nd2 dxe4 4. Nxe4 Nf6 5. Nxf6+ Qxf6 6. Nf3 h6 7. a3 Nc6 8. Bb5 Bd7 9. 0-0 Bd6 10. d5 Ne5 11. Bxd7+ Nxd7 12. Re1 0-0-0 13. c4 g5 14. Be3 g4 15. Nd4 Ne5 16. Qa4 Qh4 17. Nc6 bxc6 18. dxc6 Nf3+ 19. Kf1 Nxh2+ 20. Ke2 Rde8 21. c5 Qf6 22. cxd6 Qxb2+ 23. Kd3 e5 24. d7+ Kd8 25. dxe8Q+ Rxe8 26. Rab1 e4+ 27. Kc4 Qe5 28. Rb8+ Ke7 29. Qb4+ 1-0

[Event "Mazowieckie-chT 0506"]
[Site "Poland"]
[Date "2005.12.04"]
[Round "5"]
[White "Traczyk, Pawel"]
[Black "Kwiatkowski, Wlodzimierz"]
[Result "0-1"]
[WhiteElo "1875"]
[BlackElo "2041"]
[PlyCount "78"]
[EventDate "2005.10.09"]
[EventType "team-tourn"]
[EventRounds "9"]
[EventCountry "POL"]
[SourceTitle "EXT 2019"]
[Source "ChessBase"]
[SourceDate "2018.10.10"]
[SourceVersion "1"]
[SourceVersionDate "2018.10.10"]
[SourceQuality "1"]

1. d4 d5 2. c4 Nf6 3. Nc3 c6 4. e3 g6 5. Nf3 Bg7 6. Be2 0-0 7. 0-0 dxc4 8. Bxc4 b5 9. Be2 Bb7 10. b4 Nbd7 11. Bb2 Re8 12. Rc1 Rc8 13. Qb3 e6 14. Rfd1 Qe7 15. Ne5 Nxe5 16. dxe5 Nd5 17. Ne4 Rc7 18. Nd6 Rb8 19. g3 h5 20. e4 Nb6 21. Nxb7 Rbxb7 22. Rd6 Nd7 23. f4 c5 24. Qd1 c4 25. a4 bxa4 26. Qxa4 Rb6 27. Qd1 Bf8 28. Qd4 Qe8 29. Rxb6 Nxb6 30. Bc3 Qc6 31. f5 Rd7 32. Qe3 a5 33. fxg6 fxg6 34. Bd4 Bh6 35. Qxh6 Qxe4 36. Bxb6 Qxe2 37. Qxg6+ Rg7 38. Qxe6+ Rf7 39. Rf1 Qxf1# 0-1

[Event "Mazowieckie-chT 0506"]
[Site "Poland"]
[Date "2005.11.20"]
[Round "4"]
[White "Kwiatkowski, Wlodzimierz"]
[Black "Kicinski, Jacek"]
[Result "0-1"]
[WhiteElo "2041"]
[BlackElo "1972"]
[PlyCount "66"]
[EventDate "2005.10.09"]
[EventType "team-tourn"]
[EventRounds "9"]
[EventCountry "POL"]
[SourceTitle "EXT 2019"]
[Source "ChessBase"]
[SourceDate "2018.10.10"]
[SourceVersion "1"]
[SourceVersionDate "2018.10.10"]
[SourceQuality "1"]

1. e4 c6 2. d4 d5 3. e5 Bf5 4. Nf3 e6 5. Nc3 c5 6. Be2 Nc6 7. 0-0 cxd4 8. Nxd4 Nge7 9. Bg5 Nxd4 10. Qxd4 Nc6 11. Qd2 Bb4 12. Bb5 Qb6 13. Nxd5 Bxd2 14. Nxb6 Bxg5 15. Nxa8 Kd7 16. f4 Be7 17. Rad1+ Kc8 18. Bxc6 bxc6 19. Rfe1 Re8 20. Rd6 Bxd6 21. exd6 Kd7 22. Nc7 Rb8 23. b3 Kxd6 24. Na6 Rb5 25. Rd1+ Rd5 26. Rxd5+ exd5 27. c3 c5 28. b4 cxb4 29. cxb4 d4 30. Kf2 Kd5 31. Ke2 Kc4 32. h3 Kc3 33. g4 Bd3+ 0-1